000 00880nam a2200181 i 4500
001 153035
003 ES-MaACL
005 20230906205007.0
008 170803s1864 sp |||| | spa d
080 _a338.47(460):656.2
110 2 _aSociedad Ferro-carril de Zaragoza a Barcelona.
_9134895
245 1 0 _aFerro-carril de Zaragoza a Barcelona :
_bJunta General Ordinaria de 22 de mayo de 1864.
260 _aBarcelona :
_b[s.n.],
_c1864 (
_fEst. tip. de Narciso Ramírez)
300 _a36 p., [2] h. pleg., XXII p. ;
_c23 cm.
505 8 _aContiene: Memoria del Consejo de Administración . Reseña de la sesión con las resoluciones acordadas . Balances de 1863 . Estado de gastos . Estados de explotación de 1863.
650 4 _aTransportes ferroviarios-
_zEspaña.
_9149654
852 4 _aES-MaACL
_jT-62-F-3
_z- Enc. hol., falto de cub. original
_z- Enc. en un vol. facticio
999 _c153035
_d153035